Victoires de Tadej Pogacar en 2023 - Statistiques

Statistiques générales
  • Ce quiz a été pris 192 fois
  • Le résultat moyen est 3 sur 12
Statistiques - réponses
Date Course remportée % Correct
Classement Général Paris Nice
80%
2 avril 2023 Tour des Flandres
73%
19 avril 2023 Flèche wallonne
57%
16 avril 2023 Amstel Gold Race
44%
Classement Général Tour d'andalousie
14%
8 mars 2023 4ème étape Paris Nice
4%
11 mars 2023 7ème étape Paris Nice
3%
12 mars 2023 8ème étape Paris Nice
3%
15 février 2023 1ère étape Tour d'andalousie
1%
16 février 2023 2ème étape Tour d'andalousie
1%
18 février 2023 4ème étape Tour d'andalousie
1%
13 février 2023 Clasica Jaen Paraiso Interior
1%
Aucun quiz correspondant
Distribution des résultats
% des personnes avec chaque résultat
Percentile par nombre de réponses
Votre historique - résultats
Vous n’avez pas pris ce quiz